00983nam a2200253 a 450000100060000000300080000600500170001400800410003103500190007204000350009104100080012608200170013410000330015124501030018426000480028730000250033549000620036050000660042250400510048860000670053965000320060665000290063883000620066727360BD-RjUL20211209051138.0181021r19271966nyu b 001 0 eng  a(BD-RjUL)27433 aBD-RjULbengcBD-RjULdBD-RjUL aeng 223a297bWIS1 aWismar, Adolph Louis,d1884-12aA study in tolerance as practiced by Muhammad and his immediate successors /cBy Adolph L. Wismar. aNew York,bAMS Press,cc1927[Reprinted1966] axvi, 108 p.;c23 cm. aContributions to Oriental history and philology ;vv. 13. aPublished also as thesis (Ph. D.)--Columbia University, 1927. aIncludes bibliographical foot-notes and index.00aMuḥammad,cProphet,d-632xBiographyxHistory and criticism. 0aReligious tolerancexIslam. 0aIslamvApologetic works. 0aContributions to Oriental history and philology ;vv. 13.